[Event "Xtracon GM"]
[Site "Borup"]
[Date "2009.09.04"]
[Round "1"]
[White "Andersen, Lars Ren"]
[Black "Skovgaard, Peter Nicolai"]
[Result "0-1"]
[WhiteElo "2095"]
[BlackElo "2256"]
[PlyCount "74"]
[EventDate "2009.09.04"]
[EventType "swiss"]
[EventRounds "9"]
[EventCountry "DEN"]
[Source "ChessBase"]
[SourceDate "2009.11.03"]

1. c4 Nf6 2. Nc3 e6 3. Nf3 d5 4. d4 c6 5. g3 Nbd7 6. Bg2 Be7 7. O-O O-O 8. b3
b6 9. Bb2 Bb7 10. Rc1 Rc8 11. Re1 Rc7 12. Qd3 Qa8 13. e4 dxe4 14. Nxe4 Rd8 15.
Qe2 c5 16. Neg5 Nf8 17. Nxf7 Kxf7 18. Ng5+ Kg8 19. Bh3 Bc8 20. Bxe6+ Nxe6 21.
Nxe6 Bxe6 22. Qxe6+ Kf8 23. dxc5 bxc5 24. Qf5 Qc8 25. Qg5 h6 26. Qf4 Kg8 27.
Rc2 Bd6 28. Qh4 Re7 29. Rce2 Rde8 30. Rxe7 Rxe7 31. Rxe7 Bxe7 32. Qf4 Kh7 33.
Qe5 Qd7 34. Kg2 Qc6+ 35. Kg1 Qe4 36. Qc7 Ng4 37. h3 Qe1+ 0-1

[Event "Xtracon GM"]
[Site "Borup"]
[Date "2009.09.04"]
[Round "1"]
[White "Antonsen, Mikkel"]
[Black "Jacobsen, Bo"]
[Result "0-1"]
[WhiteElo "2428"]
[BlackElo "2321"]
[PlyCount "112"]
[EventDate "2009.09.04"]
[EventType "swiss"]
[EventRounds "9"]
[EventCountry "DEN"]
[Source "ChessBase"]
[SourceDate "2009.11.03"]

1. d4 Nf6 2. c4 g6 3. Nc3 Bg7 4. e4 d6 5. f3 O-O 6. Nge2 a6 7. Bg5 Nc6 8. Qd2
Re8 9. d5 Na5 10. Nc1 c5 11. a4 Qb6 12. Be2 h6 13. Be3 e6 14. O-O exd5 15. cxd5
h5 16. Rb1 Qb4 17. N1a2 Qb3 18. Nc1 Qb4 19. N1a2 Qb3 20. Qc1 Nxd5 21. Nxd5 Qxa2
22. Nc7 Be6 23. Nxa8 Rxa8 24. Qd2 Nb3 25. Qxd6 Nd4 26. Bd3 Qb3 27. Rfd1 Rc8 28.
a5 Nb5 29. Qb6 c4 30. Bf1 Rc6 31. Qd8+ Kh7 32. Bf4 Qa2 33. e5 Qa4 34. Qd2 Rc5
35. Qe3 Rc7 36. Qb6 Bf8 37. Be3 Bb4 38. b3 Qa3 39. Bxc4 Bxc4 40. bxc4 Bxa5 41.
Qf6 Qxe3+ 42. Kh1 Nd4 43. f4 Qe4 44. Qd6 Ne6 45. Qd5 Qxd5 46. cxd5 Nxf4 47. g3
Nh3 48. Rb2 Rd7 49. Kg2 Ng5 50. Ra2 Bb4 51. Re2 a5 52. h4 Ne6 53. Rc2 Nc7 54.
d6 Ne6 55. Rdc1 Bxd6 56. Rd1 Rc7 0-1

[Event "Xtracon GM"]
[Site "Borup"]
[Date "2009.09.04"]
[Round "1"]
[White "Bekker Jensen, David"]
[Black "Glud, Jakob Vang"]
[Result "0-1"]
[WhiteElo "2338"]
[BlackElo "2476"]
[PlyCount "66"]
[EventDate "2009.09.04"]
[EventType "swiss"]
[EventRounds "9"]
[EventCountry "DEN"]
[Source "ChessBase"]
[SourceDate "2009.11.03"]

1. d4 d5 2. c4 c6 3. Nc3 Nf6 4. e3 a6 5. Qc2 Bg4 6. b3 e6 7. Bd3 Nbd7 8. Nge2
Bd6 9. Ng3 Qc7 10. f4 g6 11. h3 Bf5 12. Nxf5 gxf5 13. g4 fxg4 14. hxg4 Nxg4 15.
Rxh7 Rxh7 16. Bxh7 Qd8 17. Qg2 Qh4+ 18. Kd2 Nxe3 19. Qg8+ Nf8 20. Kxe3 Bxf4+
21. Kf3 Bxc1 22. Rxc1 Qh5+ 23. Kf2 Qh2+ 24. Kf3 Qxh7 25. Qxh7 Nxh7 26. cxd5
exd5 27. Re1+ Kf8 28. Na4 Ng5+ 29. Kg4 Ne4 30. Nb6 Rd8 31. Rf1 Rd6 32. Rf5 Rg6+
33. Kf4 Rg2 0-1

[Event "Xtracon GM"]
[Site "Borup"]
[Date "2009.09.04"]
[Round "1"]
[White "Bonnelykke, Ole"]
[Black "De Verdier, Michael"]
[Result "0-1"]
[WhiteElo "2118"]
[BlackElo "2276"]
[PlyCount "96"]
[EventDate "2009.09.04"]
[EventType "swiss"]
[EventRounds "9"]
[EventCountry "DEN"]
[Source "ChessBase"]
[SourceDate "2009.11.03"]

1. e4 c5 2. Nc3 e6 3. g3 d5 4. Bg2 Nf6 5. d3 Be7 6. exd5 exd5 7. Nge2 O-O 8.
O-O d4 9. Ne4 Nc6 10. Nf4 Re8 11. Nxf6+ Bxf6 12. Nd5 Be6 13. Nxf6+ Qxf6 14. Qh5
Qf5 15. Qxf5 Bxf5 16. Bxc6 bxc6 17. Bf4 Re2 18. Rac1 Rae8 19. Bd6 c4 20. Bc5
cxd3 21. cxd3 Rxb2 22. Bxa7 Bxd3 23. Rfe1 Rxe1+ 24. Rxe1 h6 25. a3 Ra2 26. Bc5
Bf5 27. Bxd4 Rxa3 28. Rc1 Be4 29. Bc5 Ra2 30. h3 Kh7 31. g4 Kg6 32. Kh2 Rb2 33.
Kg3 Rb3+ 34. Be3 Bd5 35. h4 h5 36. gxh5+ Kxh5 37. Rc5 f6 38. Ra5 Rb4 39. Bf4
Rb1 40. Ra8 Rg1+ 41. Kh3 g5 42. hxg5 fxg5 43. Rh8+ Kg6 44. Bg3 c5 45. Kg4 c4
46. Rd8 Be6+ 47. Kf3 c3 48. Rd6 Kf5 0-1

[Event "Xtracon GM"]
[Site "Borup"]
[Date "2009.09.04"]
[Round "1"]
[White "Gajic, Mladen"]
[Black "Hansen, Lars Henrik Bech"]
[Result "1-0"]
[WhiteElo "2263"]
[BlackElo "2096"]
[PlyCount "113"]
[EventDate "2009.09.04"]
[EventType "swiss"]
[EventRounds "9"]
[EventCountry "DEN"]
[Source "ChessBase"]
[SourceDate "2009.11.03"]

1. e4 d6 2. d4 g6 3. Nc3 Nf6 4. f4 Bg7 5. Nf3 c5 6. dxc5 Qa5 7. e5 dxe5 8. fxe5
Ne4 9. Qd4 Nxc3 10. Bd2 Nc6 11. Qxc3 Qc7 12. Bb5 O-O 13. Bxc6 bxc6 14. O-O Bg4
15. Bf4 Rad8 16. Rad1 Rxd1 17. Rxd1 Bxf3 18. gxf3 g5 19. Bg3 Qc8 20. Qe3 Qf5
21. Rd3 h5 22. h4 gxh4 23. Bf4 h3 24. Kh2 Rb8 25. b3 Rb5 26. a4 Rxc5 27. Qxc5
Qxf4+ 28. Kxh3 Bxe5 29. Kg2 h4 30. Qg1 Kh7 31. Kh3 Bd6 32. Qg2 Qc1 33. f4 Bxf4
34. Qe4+ Kh6 35. Kxh4 e6 36. Qg2 Bg5+ 37. Kh3 Qf4 38. Qe2 e5 39. Rd6+ f6 40.
Rxc6 Qh4+ 41. Kg2 Bf4 42. Qe4 Qg4+ 43. Kf2 Bg3+ 44. Ke3 Bf4+ 45. Kd3 Kg5 46. b4
f5 47. Qh1 e4+ 48. Kd4 Qh4 49. Rg6+ Kh5 50. Qxh4+ Kxh4 51. c4 Bd2 52. b5 e3 53.
Kd3 f4 54. Ke2 Bb4 55. Kf3 Kh5 56. Rg2 Bd2 57. c5 1-0

[Event "Xtracon GM"]
[Site "Borup"]
[Date "2009.09.04"]
[Round "1"]
[White "Hvenekilde, Jorgen"]
[Black "Andersen, Rune Egede"]
[Result "1-0"]
[WhiteElo "2163"]
[BlackElo "2026"]
[PlyCount "87"]
[EventDate "2009.09.04"]
[EventType "swiss"]
[EventRounds "9"]
[EventCountry "DEN"]
[Source "ChessBase"]
[SourceDate "2009.11.03"]

1. d4 d5 2. Nf3 Nf6 3. g3 e6 4. Bg2 Be7 5. O-O O-O 6. c4 dxc4 7. Qc2 a6 8. Rd1
b5 9. Ng5 c6 10. e4 g6 11. h4 Ra7 12. Bf4 Qb6 13. Nd2 Rd7 14. Nf1 Bb7 15. Bh3
c5 16. d5 exd5 17. Bxb8 Rdd8 18. Bf4 d4 19. Bg2 h6 20. Nh3 d3 21. Qc1 Nxe4 22.
Bxh6 Rfe8 23. Nd2 Nxd2 24. Bxb7 Qxb7 25. Qxd2 Bf6 26. Re1 Qf3 27. Bg5 Re2 28.
Qf4 Qxf4 29. Nxf4 Rxe1+ 30. Rxe1 Bxg5 31. hxg5 b4 32. Rd1 c3 33. bxc3 bxc3 34.
Rxd3 Rxd3 35. Nxd3 c4 36. Ne1 f6 37. gxf6 Kf7 38. Kf1 Kxf6 39. Ke2 Ke6 40. Ke3
Kd5 41. Nc2 a5 42. a4 Ke5 43. f4+ Kf5 44. Kf3 1-0

[Event "Xtracon GM"]
[Site "Borup"]
[Date "2009.09.04"]
[Round "1"]
[White "Jensen, Jan Kargaard"]
[Black "Johannsen, Kaj"]
[Result "1/2-1/2"]
[WhiteElo "1762"]
[BlackElo "1996"]
[PlyCount "91"]
[EventDate "2009.09.04"]
[EventType "swiss"]
[EventRounds "9"]
[EventCountry "DEN"]
[Source "ChessBase"]
[SourceDate "2009.11.03"]

1. d4 Nf6 2. Nf3 e6 3. Bf4 d5 4. Nbd2 c5 5. e3 Nc6 6. c3 cxd4 7. exd4 g6 8. Bd3
Bg7 9. h3 O-O 10. O-O Nh5 11. Bg5 Qc7 12. Re1 h6 13. Be3 Bd7 14. Ne5 Nxe5 15.
dxe5 Bxe5 16. Bxh6 Bg7 17. Bxg7 Kxg7 18. Nf3 Rh8 19. Bf1 a6 20. Qd4+ f6 21.
Rad1 Rad8 22. Qb4 Bc8 23. c4 Nf4 24. Rd4 Rde8 25. cxd5 Nxd5 26. Qd2 Ne7 27. Rc1
Qb8 28. Rdc4 Rd8 29. Qc2 Rd7 30. Rc7 Nc6 31. Rxd7+ Bxd7 32. Qc5 Rh5 33. Qe3 Ne5
34. Nxe5 Rxe5 35. Qg3 Qd6 36. Bd3 Be8 37. h4 Qd8 38. Bf1 Qb6 39. Qc3 Bc6 40. b3
Rh5 41. g3 g5 42. Be2 Rh8 43. h5 Rd8 44. Qc2 f5 45. Qc3+ Kf7 46. h6 1/2-1/2

[Event "Xtracon GM"]
[Site "Borup"]
[Date "2009.09.04"]
[Round "1"]
[White "Knudsen, Jes West"]
[Black "Christensen, Casper"]
[Result "0-1"]
[WhiteElo "1997"]
[BlackElo "1842"]
[PlyCount "88"]
[EventDate "2009.09.04"]
[EventType "swiss"]
[EventRounds "9"]
[EventCountry "DEN"]
[Source "ChessBase"]
[SourceDate "2009.11.03"]

1. e4 d6 2. d4 g6 3. Nc3 Nf6 4. Be2 Bg7 5. g4 Nc6 6. g5 Nd7 7. d5 Nd4 8. Be3
Nxe2 9. Ngxe2 c5 10. f4 a6 11. a4 Nb6 12. Qd3 Rb8 13. Ng3 Bd7 14. h4 O-O 15. a5
Bxc3+ 16. Qxc3 Na4 17. Rxa4 Bxa4 18. h5 b6 19. f5 Be8 20. Ne2 bxa5 21. Bd2 gxf5
22. Nf4 Qb6 23. b3 Qb4 24. Qh3 Qxe4+ 25. Kd1 e5 26. dxe6 Bc6 27. exf7+ Rxf7 28.
Re1 Qf3+ 29. Qxf3 Bxf3+ 30. Kc1 Be4 31. Bc3 a4 32. g6 Rfb7 33. gxh7+ Kxh7 34.
Rg1 axb3 35. cxb3 Rg8 36. Rxg8 Kxg8 37. Kb2 d5 38. Be5 c4 39. h6 Rxb3+ 40. Ka2
Rf3 41. Nh5 Kh7 42. Bg7 Rh3 43. Nf6+ Kg6 44. Nd7 Rxh6 0-1

[Event "Xtracon GM"]
[Site "Borup"]
[Date "2009.09.04"]
[Round "1"]
[White "Kulaots, Kaido"]
[Black "Bekker Jensen, Simon"]
[Result "1-0"]
[WhiteElo "2575"]
[BlackElo "2415"]
[PlyCount "93"]
[EventDate "2009.09.04"]
[EventType "swiss"]
[EventRounds "9"]
[EventCountry "DEN"]
[Source "ChessBase"]
[SourceDate "2009.11.03"]

1. e4 c5 2. Nf3 d6 3. d4 Nf6 4. Nc3 cxd4 5. Nxd4 a6 6. Be3 e5 7. Nb3 Be6 8. f4
exf4 9. Bxf4 Nc6 10. Qe2 Be7 11. h3 Qb6 12. O-O-O Ne5 13. g4 O-O 14. g5 Nfd7
15. Nd5 Bxd5 16. exd5 Rfe8 17. Qg2 Nc5 18. Nxc5 Qxc5 19. h4 Rac8 20. Rh3 Ng6
21. Be3 Qb4 22. Qf2 Ne5 23. a3 Qa5 24. Bb6 Qa4 25. Bd4 Bf8 26. Kb1 Qd7 27. Rg3
Ra8 28. h5 Re7 29. Bh3 Qb5 30. Qg2 Rae8 31. Rb3 Qc4 32. Rc3 Qb5 33. Rb3 Qc4 34.
Rb4 Qc7 35. Bb6 Qb8 36. Rf4 Nd7 37. Bxd7 Rxd7 38. h6 Rde7 39. Qf3 Re1 40. Ka2
Rxd1 41. Qxd1 Re5 42. Qg4 Qe8 43. Bd4 Re2 44. Qf5 Qe7 45. hxg7 Bxg7 46. Bxg7
Kxg7 47. Rh4 1-0

[Event "Xtracon GM"]
[Site "Borup"]
[Date "2009.09.04"]
[Round "1"]
[White "Larsen, Karsten"]
[Black "Ivanov, Mikhail M"]
[Result "1/2-1/2"]
[WhiteElo "2327"]
[BlackElo "2459"]
[PlyCount "24"]
[EventDate "2009.09.04"]
[EventType "swiss"]
[EventRounds "9"]
[EventCountry "DEN"]
[Source "ChessBase"]
[SourceDate "2009.11.03"]

1. e4 c6 2. d4 d5 3. e5 Bf5 4. c4 e6 5. Nc3 dxc4 6. Bxc4 Nd7 7. Nge2 Nb6 8. Bb3
Ne7 9. O-O Qd7 10. Ng3 Rd8 11. Be3 Bg6 12. Qe2 Nbd5 1/2-1/2

[Event "Xtracon GM"]
[Site "Borup"]
[Date "2009.09.04"]
[Round "1"]
[White "Miezis, Normunds"]
[Black "Lund, Silas"]
[Result "1-0"]
[WhiteElo "2558"]
[BlackElo "2392"]
[PlyCount "67"]
[EventDate "2009.09.04"]
[EventType "swiss"]
[EventRounds "9"]
[EventCountry "DEN"]
[Source "ChessBase"]
[SourceDate "2009.11.03"]

1. c4 e5 2. Nc3 d6 3. g3 f5 4. d4 Be7 5. Bg2 Nf6 6. Nf3 e4 7. Ng5 c6 8. d5 O-O
9. O-O Ng4 10. Nh3 Ne5 11. b3 Nbd7 12. dxc6 bxc6 13. Nd5 Nf6 14. Nxe7+ Qxe7 15.
f3 Bb7 16. Bg5 d5 17. cxd5 Qc5+ 18. Kh1 exf3 19. exf3 Nxd5 20. Rc1 Qa5 21. Qd4
Rae8 22. Nf4 Qb6 23. Qxb6 Nxb6 24. Nh3 Nd5 25. Rfd1 h6 26. Bf4 Ng6 27. Bd6 Rf6
28. Bc5 Re2 29. a4 a6 30. Ng1 Ra2 31. Re1 Kf7 32. f4 Re6 33. Rxe6 Kxe6 34. Nf3
1-0

[Event "Xtracon GM"]
[Site "Borup"]
[Date "2009.09.04"]
[Round "1"]
[White "Pedersen, Jan Kaas"]
[Black "Rosenkilde, Alexander"]
[Result "0-1"]
[WhiteElo "2053"]
[BlackElo "2180"]
[PlyCount "110"]
[EventDate "2009.09.04"]
[EventType "swiss"]
[EventRounds "9"]
[EventCountry "DEN"]
[Source "ChessBase"]
[SourceDate "2009.11.03"]

1. d4 Nf6 2. Nf3 e6 3. Bg5 h6 4. Bh4 b6 5. Nbd2 Bb7 6. e3 c5 7. Bd3 Be7 8. c3
cxd4 9. exd4 d6 10. Qe2 Nbd7 11. Bg3 Nh5 12. Ne4 Nxg3 13. hxg3 a6 14. g4 Nf6
15. Nfd2 Nd5 16. g3 b5 17. f4 Qb6 18. Nf3 O-O-O 19. a4 b4 20. a5 Qc6 21. O-O b3
22. Ned2 h5 23. g5 h4 24. c4 Nb4 25. Be4 Qc7 26. Nxh4 Nc2 27. Nxb3 Nxa1 28.
Rxa1 g6 29. Rc1 Bxe4 30. Qxe4 Qb7 31. Qe3 Kb8 32. Nd2 Qb4 33. Rc3 Ka8 34. d5
Qc5 35. Qxc5 dxc5 36. Re3 Rhe8 37. Ndf3 exd5 38. cxd5 Rxd5 39. Ne5 Bxg5 40.
Nhf3 Bd8 41. Rb3 Bxa5 42. Ra3 Bb6 43. Rxa6+ Kb7 44. Ra3 f6 45. Nc4 Re2 46. Kf1
Rc2 47. Ne3 Rc1+ 48. Ke2 Rd7 49. Nd2 Rh7 50. Ndc4 Bc7 51. Rd3 Rh3 52. Kf2 g5
53. fxg5 fxg5 54. Rd5 g4 55. Rxc5 Rh2+ 0-1

[Event "Xtracon GM"]
[Site "Borup"]
[Date "2009.09.04"]
[Round "1"]
[White "Petersen, Nils"]
[Black "Flindt, Thomas"]
[Result "0-1"]
[WhiteElo "2034"]
[BlackElo "2166"]
[PlyCount "120"]
[EventDate "2009.09.04"]
[EventType "swiss"]
[EventRounds "9"]
[EventCountry "DEN"]
[Source "ChessBase"]
[SourceDate "2009.11.03"]

1. c4 Nf6 2. Nc3 b6 3. e4 e5 4. Nf3 Bc5 5. Be2 O-O 6. O-O Re8 7. Nxe5 Bd4 8.
Nf3 Bxc3 9. dxc3 Nxe4 10. Be3 Bb7 11. Qc2 d6 12. Rad1 Nd7 13. Bd3 h6 14. b4 Qf6
15. Bd4 Qf4 16. Be3 Qg4 17. h3 Qh5 18. Nd2 Nxd2 19. Qxd2 Ne5 20. f4 Nxd3 21.
Qxd3 Re6 22. Rde1 Be4 23. Qd2 Rg6 24. Rf2 Qxh3 25. Bxb6 Bxg2 26. Rxg2 Rxg2+ 27.
Qxg2 Qxg2+ 28. Kxg2 axb6 29. Re2 Kf8 30. Kf3 Re8 31. Rd2 Re1 32. c5 bxc5 33.
bxc5 Rc1 34. cxd6 Rxc3+ 35. Kg4 cxd6 36. Rxd6 Ra3 37. Rd2 g6 38. f5 Ra4+ 39.
Kg3 g5 40. f6 Kg8 41. Rf2 Kh7 42. Kh3 Kg6 43. Kg3 Ra6 44. Rh2 Rxf6 45. a4 Ra6
46. Ra2 Ra5 47. Kf3 h5 48. Ke4 h4 49. Kd4 h3 50. Ke4 h2 51. Rxh2 Rxa4+ 52. Kf3
Ra3+ 53. Ke4 f5+ 54. Kd4 g4 55. Rh8 Kg5 56. Ke5 Re3+ 57. Kd4 Re4+ 58. Kd3 Kf4
59. Rh5 Re8 60. Rh1 g3 0-1

[Event "Xtracon GM"]
[Site "Borup"]
[Date "2009.09.04"]
[Round "1"]
[White "Petrovski, Petruli"]
[Black "Larsen, Jesper Riis"]
[Result "0-1"]
[WhiteElo "1843"]
[BlackElo "1998"]
[PlyCount "78"]
[EventDate "2009.09.04"]
[EventType "swiss"]
[EventRounds "9"]
[EventCountry "DEN"]
[Source "ChessBase"]
[SourceDate "2009.11.03"]

1. e4 c5 2. Nf3 e6 3. d4 cxd4 4. Nxd4 Nc6 5. Be3 Nf6 6. Nc3 Bb4 7. Nxc6 bxc6 8.
Bd3 d5 9. exd5 cxd5 10. O-O O-O 11. Bd4 Bd7 12. Qf3 Re8 13. Be5 a6 14. Rad1 Bc6
15. Qh3 h6 16. Ne2 Bd6 17. f4 Bb5 18. Ng3 Bxe5 19. fxe5 Nd7 20. Qh5 Qe7 21. Kh1
f5 22. exf6 Nxf6 23. Qe2 Qc5 24. Rxf6 gxf6 25. Qg4+ Kh8 26. Bxb5 axb5 27. Nh5
Qf8 28. Qg6 f5 29. Nf6 Re7 30. Nh5 Rxa2 31. Nf4 Qg7 32. Qh5 Kh7 33. Qe2 Qg4 34.
Qd2 Rea7 35. Rg1 Ra1 36. Nxe6 Rxg1+ 37. Kxg1 Ra1+ 38. Kf2 Qh4+ 39. Kf3 Rf1+ 0-1

[Event "Xtracon GM"]
[Site "Borup"]
[Date "2009.09.04"]
[Round "1"]
[White "Preuss, Flemming"]
[Black "Pedersen, Hans Dahl"]
[Result "0-1"]
[WhiteElo "2063"]
[BlackElo "2210"]
[PlyCount "78"]
[EventDate "2009.09.04"]
[EventType "swiss"]
[EventRounds "9"]
[EventCountry "DEN"]
[Source "ChessBase"]
[SourceDate "2009.11.03"]

1. e4 c5 2. Nf3 e6 3. d4 cxd4 4. Nxd4 a6 5. g3 b5 6. Bg2 Bb7 7. O-O d6 8. Re1
Nd7 9. a4 b4 10. c4 Qb6 11. b3 Ngf6 12. Bb2 Be7 13. Nd2 O-O 14. Qe2 Rfe8 15.
Kh1 Nc5 16. f4 Nfd7 17. Rad1 Bf6 18. Ba1 Nxa4 19. bxa4 Bxd4 20. Bxd4 Qxd4 21.
Nb3 Qb6 22. e5 Bxg2+ 23. Qxg2 Qc7 24. Rxd6 Qxc4 25. Rxd7 Qxb3 26. Qb7 Reb8 27.
Qe4 Rd8 28. Qb7 Rab8 29. Rxd8+ Rxd8 30. Qxa6 Qd5+ 31. Kg1 h6 32. Rb1 Qc5+ 33.
Kh1 Qc2 34. Rf1 Qe4+ 35. Kg1 Rd2 36. Rf2 Qe1+ 37. Qf1 Qxf2+ 38. Qxf2 Rxf2 39.
Kxf2 b3 0-1

[Event "Xtracon GM"]
[Site "Borup"]
[Date "2009.09.04"]
[Round "1"]
[White "Semcesen, Daniel"]
[Black "Bejtovic, Jasmin"]
[Result "1-0"]
[WhiteElo "2465"]
[BlackElo "2332"]
[PlyCount "101"]
[EventDate "2009.09.04"]
[EventType "swiss"]
[EventRounds "9"]
[EventCountry "DEN"]
[Source "ChessBase"]
[SourceDate "2009.11.03"]

1. Nf3 Nf6 2. c4 g6 3. Nc3 Bg7 4. d4 O-O 5. e4 d6 6. h3 c5 7. d5 e6 8. Bd3 exd5
9. cxd5 a6 10. a4 Nbd7 11. O-O Rb8 12. Re1 Qe7 13. Bf4 Ne8 14. Qd2 Ne5 15. Nxe5
Bxe5 16. Bxe5 dxe5 17. a5 Bd7 18. Qe3 Rc8 19. Na4 c4 20. Bf1 Bxa4 21. Rxa4 Nd6
22. Rc1 Qh4 23. f3 f5 24. exf5 Rxf5 25. b3 Rcf8 26. bxc4 Nb5 27. Qe1 Qd4+ 28.
Kh1 Nd6 29. Rd1 Qa7 30. Rb4 Qc5 31. Rb6 Rg5 32. Qb4 Qe3 33. Qxd6 Rxf3 34. Qe6+
Kg7 35. Rxb7+ Kh6 36. Qd7 Rh5 37. Rbb1 Rg5 38. Rb7 Rh5 39. Rdb1 Rg3 40. R7b3
Rhxh3+ 41. Qxh3+ Rxh3+ 42. gxh3 Qe4+ 43. Bg2 Qxc4 44. Rb6 Qd3 45. Re1 Qc3 46.
Rbb1 Qxa5 47. Rbd1 Qd8 48. d6 a5 49. d7 a4 50. Rxe5 a3 51. Re8 1-0

[Event "Xtracon GM"]
[Site "Borup"]
[Date "2009.09.04"]
[Round "1"]
[White "Shoker, Samy"]
[Black "Jakobsen, Ole"]
[Result "0-1"]
[WhiteElo "2488"]
[BlackElo "2344"]
[PlyCount "74"]
[EventDate "2009.09.04"]
[EventType "swiss"]
[EventRounds "9"]
[EventCountry "DEN"]
[Source "ChessBase"]
[SourceDate "2009.11.03"]

1. g3 d5 2. Bg2 g6 3. Nf3 Bg7 4. O-O Nf6 5. d3 O-O 6. Nc3 d4 7. Na4 Nc6 8. c4
a5 9. a3 Re8 10. Rb1 e5 11. Bg5 Qe7 12. Nd2 Qf8 13. Bxf6 Bxf6 14. c5 Be6 15. b4
axb4 16. axb4 Reb8 17. b5 Na5 18. Qc2 Qd8 19. c6 b6 20. Ra1 Be7 21. Nc4 Nxc4
22. dxc4 Qd6 23. Rfd1 Qb4 24. Nb2 Qc3 25. Rac1 Ba3 26. Rd2 Bb4 27. Rdd1 Ra2 28.
Qxc3 Bxc3 29. Nd3 Bxc4 30. Nxe5 Bxe2 31. Bd5 Ra5 32. Bxf7+ Kg7 33. Bc4 Bxd1 34.
Rxd1 Ra1 35. Rxa1 Bxa1 36. Kf1 Ra8 37. Ke2 Re8 0-1

[Event "Xtracon GM"]
[Site "Borup"]
[Date "2009.09.04"]
[Round "1"]
[White "Skovle, Lars"]
[Black "Andersen, Daniel"]
[Result "1-0"]
[WhiteElo "1661"]
[BlackElo "1953"]
[PlyCount "23"]
[EventDate "2009.09.04"]
[EventType "swiss"]
[EventRounds "9"]
[EventCountry "DEN"]
[Source "ChessBase"]
[SourceDate "2009.11.03"]

1. e4 e6 2. d4 d5 3. e5 c5 4. c3 Nc6 5. f4 Qb6 6. Nf3 Nh6 7. a4 cxd4 8. Nxd4
Nxd4 9. cxd4 a6 10. a5 Bb4+ 11. Bd2 Qxd4 12. Qa4+ 1-0

[Event "Xtracon GM"]
[Site "Borup"]
[Date "2009.09.04"]
[Round "1"]
[White "Skytte, Rasmus"]
[Black "Sulskis, Sarunas"]
[Result "0-1"]
[WhiteElo "2399"]
[BlackElo "2568"]
[PlyCount "46"]
[EventDate "2009.09.04"]
[EventType "swiss"]
[EventRounds "9"]
[EventCountry "DEN"]
[Source "ChessBase"]
[SourceDate "2009.11.03"]

1. e4 Nf6 2. e5 Nd5 3. d4 d6 4. Bc4 Nb6 5. Bb3 dxe5 6. Qh5 e6 7. dxe5 a5 8. a4
Bd7 9. Nf3 Bc6 10. O-O g6 11. Qh3 Bxf3 12. Qxf3 Nc6 13. Rd1 Nd7 14. Qe4 Qe7 15.
f4 O-O-O 16. Qe1 g5 17. Nc3 gxf4 18. Bxf4 Bg7 19. Nb5 Bxe5 20. Rxd7 Rxd7 21.
Bxe5 Qc5+ 22. Kh1 Nxe5 23. Qxa5 Kb8 0-1

[Event "Xtracon GM"]
[Site "Borup"]
[Date "2009.09.04"]
[Round "1"]
[White "Smith, Axel"]
[Black "Teplyi, Igor"]
[Result "1-0"]
[WhiteElo "2415"]
[BlackElo "2284"]
[PlyCount "121"]
[EventDate "2009.09.04"]
[EventType "swiss"]
[EventRounds "9"]
[EventCountry "DEN"]
[Source "ChessBase"]
[SourceDate "2009.11.03"]

1. Nf3 Nf6 2. c4 g6 3. Nc3 d5 4. cxd5 Nxd5 5. Qa4+ Bd7 6. Qh4 Nxc3 7. bxc3 c5
8. Rb1 Qc7 9. Qg3 Qxg3 10. hxg3 b6 11. e4 Bg7 12. d4 O-O 13. Be3 Nc6 14. Kd2
cxd4 15. cxd4 Rfd8 16. Bd3 Bg4 17. d5 Bxf3 18. gxf3 Ne5 19. f4 Nxd3 20. Kxd3 e6
21. Rb5 exd5 22. Rxd5 f5 23. Rc1 fxe4+ 24. Kxe4 Re8+ 25. Kd3 Rac8 26. Rc4 Rcd8
27. Rxd8 Rxd8+ 28. Kc2 Rd7 29. Kb3 Rd3+ 30. Kb4 Rd5 31. Rc8+ Bf8+ 32. Kb3 Rb5+
33. Kc2 Ra5 34. Kb1 Kf7 35. Rc7+ Be7 36. f5 Rb5+ 37. Kc2 Rxf5 38. Rxa7 b5 39.
Kd3 h5 40. Ke4 Ke6 41. Ra6+ Kf7 42. Ra5 Ke6 43. f4 Rd5 44. a4 Bb4 45. Rxb5 Rxb5
46. axb5 Be1 47. Kf3 Kd5 48. Bf2 Bb4 49. Be3 Be1 50. Ba7 Bd2 51. Bb6 Bc3 52.
Bd8 Be1 53. b6 Kc6 54. Bh4 Kxb6 55. Ke4 Kc6 56. Ke5 g5 57. fxg5 Kd7 58. Kf6 Ke8
59. Kg7 Bc3+ 60. Kh7 Kf7 61. g6+ 1-0

[Event "Xtracon GM"]
[Site "Borup"]
[Date "2009.09.04"]
[Round "1"]
[White "Sorensen, Dick"]
[Black "Draeger, Michael"]
[Result "1-0"]
[WhiteElo "2006"]
[BlackElo "1850"]
[PlyCount "97"]
[EventDate "2009.09.04"]
[EventType "swiss"]
[EventRounds "9"]
[EventCountry "DEN"]
[Source "ChessBase"]
[SourceDate "2009.11.03"]

1. d4 d5 2. Nf3 Nf6 3. g3 g6 4. Bg2 Bg7 5. O-O O-O 6. b3 c6 7. Bb2 b6 8. Nbd2
Bb7 9. Ne5 Nbd7 10. e3 Rb8 11. f4 e6 12. c4 Re8 13. Rc1 Rc8 14. Qe2 c5 15. Rfd1
Qe7 16. a3 Ba8 17. h3 Nh5 18. g4 Ng3 19. Qf2 Nxe5 20. dxe5 Ne4 21. Nxe4 dxe4
22. Rd6 Rcd8 23. Rcd1 f6 24. Qd2 Rxd6 25. exd6 Qd7 26. Qc2 e5 27. Bxe4 Bxe4 28.
Qxe4 exf4 29. Qd5+ Kf8 30. exf4 Re2 31. Bc3 h5 32. Qf3 Rc2 33. Qd3 Rxc3 34.
Qxc3 hxg4 35. Qg3 f5 36. Rd5 Bd4+ 37. Kh1 b5 38. hxg4 bxc4 39. bxc4 Qa4 40. Qd3
Qd7 41. gxf5 gxf5 42. Rxf5+ Kg8 43. Qg3+ Bg7 44. Rg5 Kf8 45. Rxg7 Qxd6 46. Rg8+
Ke7 47. Qg7+ Ke6 48. Re8+ Kf5 49. Qg5# 1-0

[Event "Xtracon GM"]
[Site "Borup"]
[Date "2009.09.04"]
[Round "1"]
[White "Thomasson, Staffan"]
[Black "Eriksson, Christian Altenburg"]
[Result "0-1"]
[WhiteElo "2015"]
[BlackElo "2159"]
[PlyCount "172"]
[EventDate "2009.09.04"]
[EventType "swiss"]
[EventRounds "9"]
[EventCountry "DEN"]
[Source "ChessBase"]
[SourceDate "2009.11.03"]

1. d4 d5 2. Bg5 c6 3. e3 Nf6 4. Bd3 Bg4 5. f3 Bh5 6. Nd2 Nbd7 7. Ne2 e5 8. O-O
Be7 9. Ng3 Bg6 10. Nf5 O-O 11. Qe1 Re8 12. Qf2 Bf8 13. Rae1 c5 14. c3 Qb6 15.
Rb1 Rac8 16. dxc5 Nxc5 17. Bc2 Qa6 18. Qh4 Qe6 19. e4 Bxf5 20. exf5 Qc6 21.
Rfc1 Be7 22. b4 Ncd7 23. Bd3 Qb6+ 24. Kh1 h6 25. Bxf6 Bxf6 26. Qh3 Qe3 27. Bb5
Red8 28. Nf1 Qg5 29. Ng3 Nb6 30. Nh5 a6 31. Bf1 Nc4 32. Bxc4 Rxc4 33. g3 Rdc8
34. f4 exf4 35. gxf4 Rxf4 36. Nxf4 Qxf4 37. Qd3 Be5 38. Qh3 Rxc3 39. Rxc3 Bxc3
40. Rd1 d4 41. a3 Qe4+ 42. Kg1 Bd2 43. f6 Be3+ 44. Kf1 Qf4+ 45. Ke2 Qf2+ 46.
Kd3 Qxf6 47. Qc8+ Kh7 48. Qxb7 Qg6+ 49. Qe4 f5 50. Qf3 Qe6 51. Rb1 Qc8 52. Rb3
Qe6 53. Rb2 Bg5 54. a4 Be3 55. b5 Qd7 56. Qc6 Qe7 57. Rb3 axb5 58. axb5 Bf4 59.
Qf3 Qe6 60. Rb2 Qd6 61. Rb3 Qe6 62. Kc2 Qc4+ 63. Kd1 Qc1+ 64. Ke2 Qc2+ 65. Kf1
Qc1+ 66. Kg2 Qc2+ 67. Kf1 Be3 68. Rxe3 dxe3 69. Qxe3 Qb1+ 70. Kg2 Qxb5 71. h4
Qc4 72. Qf2 Qg4+ 73. Kh2 Kg6 74. Qb6+ Kh5 75. Qc7 Qxh4+ 76. Kg2 Qg4+ 77. Kf2 g6
78. Qc5 Qe4 79. Qf8 Kg5 80. Qg7 Kh5 81. Qf7 f4 82. Qd7 Qe3+ 83. Kf1 Kh4 84. Qd6
Qe4 85. Qf6+ Kg4 86. Qb6 Qf3+ 0-1

[Event "Xtracon GM"]
[Site "Borup"]
[Date "2009.09.05"]
[Round "2"]
[White "Andersen, Daniel"]
[Black "Krogh, Peter Ove"]
[Result "1-0"]
[WhiteElo "1953"]
[BlackElo "1945"]
[PlyCount "83"]
[EventDate "2009.09.04"]
[EventType "swiss"]
[EventRounds "9"]
[EventCountry "DEN"]
[Source "ChessBase"]
[SourceDate "2009.11.03"]

1. c4 Nf6 2. Nc3 e6 3. e4 c5 4. Nf3 Nc6 5. d4 cxd4 6. Nxd4 Bb4 7. Qd3 O-O 8.
Bd2 d5 9. Nxc6 bxc6 10. exd5 cxd5 11. cxd5 Bxc3 12. Bxc3 Nxd5 13. Be2 a5 14.
Qd4 Nxc3 15. Qxc3 Bb7 16. O-O Qb6 17. Rac1 Rac8 18. Qe3 Qxe3 19. fxe3 g6 20.
Rfd1 Rxc1 21. Rxc1 Rc8 22. Rxc8+ Bxc8 23. Kf2 Kg7 24. Bf3 e5 25. Ke2 Be6 26. b3
f5 27. Kd2 a4 28. bxa4 e4 29. Be2 Bxa2 30. Kc3 Bd5 31. Kd4 Bb7 32. a5 Kf6 33.
a6 Ba8 34. Bc4 f4 35. exf4 Kf5 36. Ke3 h6 37. h3 g5 38. g4+ Kf6 39. f5 Ke5 40.
Be6 Bc6 41. Bc8 Bd5 42. Bb7 1-0